000
00273cam a2200109ua 4500
082
_a
631.1
_b
MIC/PR
100
_a
Michael, A.M.
_9
114
245
_a
Principles of Agricultural Engineering /
260
_a
New Delhi :
_b
Jain Brothers ,
_c
1981.
300
_a
640 ; .
942
_c
BK
999
_c
3063
_d
3063